| 000 | 00808cam a22002413a 4500 | ||
|---|---|---|---|
| 001 | 17461 | ||
| 003 | PGUSA | ||
| 005 | 20140828083355.0 | ||
| 008 | 060104s2006||||xxu|||||s|||||000 | eng d | ||
| 040 |
_aPGUSA _beng |
||
| 042 | _adc | ||
| 050 | 4 | _aML | |
| 100 | 1 |
_aFerris, George T. _q(George Titus), _d1840- |
|
| 245 | 1 | 4 |
_aThe Great German Composers _h[electronic resource] / _cGeorge T. Ferris |
| 260 |
_bProject Gutenberg, _c2006 |
||
| 505 | 0 | _aBach -- Handel -- Gluck -- Haydn -- Mozart -- Beethoven -- Schubert, Schumann, and Franz -- Chopin -- Weber -- Mendelssohn -- Richard Wagner. | |
| 506 | _aPublic domain in the USA. | ||
| 516 | _aElectronic text | ||
| 653 | _aMusicians -- Germany | ||
| 830 | 0 |
_aProject Gutenberg _v17461 |
|
| 856 | 4 | 0 | _uhttp://www.gutenberg.org/ebooks/17461 |
| 942 | _cEB | ||
| 999 |
_c246716 _d246716 |
||